| 000 | 00419nam a2200157Ia 4500 | ||
|---|---|---|---|
| 005 | 20250425081732.0 | ||
| 008 | 240331s9999 xx 000 0 und d | ||
| 082 |
_a297 _bMAR |
||
| 100 | _aMarx, A | ||
| 245 | 0 | _aIslamiyarrukku etirana kattuk kataikal | |
| 250 | _a2nd | ||
| 260 |
_aPuthuvai _bMakkal Kalvi iyakkam _c1994 |
||
| 300 | _a48 p ., | ||
| 500 | _aIslamiyarkaluku ethirana kattukadhaikal patriyathu | ||
| 942 | _cL | ||
| 999 |
_c953 _d953 |
||